Poesía en honor de J.M. Blecua / (Record no. 120321)
[ view plain ]
| 000 -LEADER | |
|---|---|
| campo de control de longitud fija | 00754nam a2200205 i 4500 |
| 001 - NÚMERO DE CONTROL | |
| campo de control | 120321 |
| 003 - IDENTIFICADOR DE NÚMERO DE CONTROL | |
| campo de control | ES-MaACL |
| 005 - FECHA Y HORA DE LA ÚLTIMA TRANSACCIÓN | |
| campo de control | 20230906191524.0 |
| 007 - CAMPO FIJO DE DESCRIPCIÓN FÍSICA--INFORMACIÓN GENERAL | |
| campo de control de longitud fija | t| |
| 008 - DATOS DE LONGITUD FIJA--INFORMACIÓN GENERAL | |
| campo de control de longitud fija | 070214s1984 sp |||| | spa d |
| 080 ## - NÚMERO DE LA CLASIFICACIÓN DECIMAL UNIVERSAL | |
| Número de la Clasificación Decimal Universal | 860-1"19"(082.2) |
| 080 ## - NÚMERO DE LA CLASIFICACIÓN DECIMAL UNIVERSAL | |
| Número de la Clasificación Decimal Universal | 929 Blecua, José Manuel:061.75 |
| 245 00 - MENCIÓN DEL TÍTULO | |
| Título | Poesía en honor de J.M. Blecua / |
| Mención de responsabilidad, etc. | Departamento de Literatura española de la Facultad de Filología de la Universidad de Barcelona. |
| 260 ## - PUBLICACIÓN, DISTRIBUCIÓN, ETC. | |
| Lugar de publicación, distribución, etc. | Barcelona : |
| Nombre del editor, distribuidor, etc. | Edicions Universitat de Barcelona, |
| Fecha de publicación, distribución, etc. | 1984. |
| 300 ## - DESCRIPCIÓN FÍSICA | |
| Extensión | 182 p., [7] p. de lám. ; |
| Dimensiones | 25 cm. |
| 650 #4 - PUNTO DE ACCESO ADICIONAL DE MATERIA--TÉRMINO DE MATERIA | |
| Término de materia o nombre geográfico como elemento de entrada | Poesías españolas- |
| Subdivisión cronológica | S.XX. |
| 9 (RLIN) | 16221 |
| 700 1# - ENTRADA AGREGADA--NOMBRE PERSONAL | |
| Nombre de persona | Blecua, José Manuel. |
| 9 (RLIN) | 29459 |
| 710 2# - ENTRADA AGREGADA--NOMBRE DE ENTIDAD CORPORATIVA | |
| Nombre de entidad corporativa o nombre de jurisdicción como elemento de entrada | Universidad de Barcelona. |
| Unidad subordinada | Facultad de Filología. |
| 9 (RLIN) | 174497 |
| 852 4# - LOCALIZACIÓN | |
| Ubicación | ES-MaACL |
| Número de control de estantería | L-7715 |
| Estatus retirado | Estado de pérdida | Estado de daño | No para préstamo | Biblioteca de origen | Biblioteca actual | Ubicación en estantería | Fecha de adquisición | Fuente de adquisición | Total de préstamos | Signatura topográfica completa | Código de barras | Visto por última vez | Precio de reemplazo | Tipo de ítem Koha |
|---|---|---|---|---|---|---|---|---|---|---|---|---|---|---|
| Biblioteca del Ateneo de Madrid | Biblioteca del Ateneo de Madrid | Depósito 2 | 17/01/2008 | L-7715 | 1125412 | 23/02/2023 | 23/02/2023 | Libro impreso |
